Central Library OPAC University of Rajshahi

Declension / (Record no. 30664)

MARC details
000 -LEADER
fixed length control field 00574cam a2200217u 4500
001 - CONTROL NUMBER
control field 30664
003 - CONTROL NUMBER IDENTIFIER
rucl marc code BD-RjUL
005 - DATE AND TIME OF LATEST TRANSACTION
control field 20211209051610.0
008 - FIXED-LENGTH DATA ELEMENTS--GENERAL INFORMATION
fixed length control field 140410s1925 xx 000 0 eng
035 ## - SYSTEM CONTROL NUMBER
System control number (BD-RjUL)30751
040 ## - CATALOGING SOURCE
Original cataloging agency DLC
Transcribing agency CarP
Modifying agency DLC
Language of cataloging eng
041 ## - LANGUAGE CODE
Language code of text/sound track or separate title eng
082 ## - DEWEY DECIMAL CLASSIFICATION NUMBER
Classification number 177
Author mark and year BED 1925
100 1# - MAIN ENTRY--PERSONAL NAME
Personal name Begbie, Harold,
Dates associated with a name 1871-1929.
9 (RLIN) 93159
245 00 - TITLE STATEMENT
Title Declension /
Statement of responsibility, etc. a gentelman with a duster ...
260 ## - PUBLICATION, DISTRIBUTION, ETC. (IMPRINT)
Place of publication, distribution, etc. London :
Date of publication, distribution, etc. 1925.
Name of publisher, distributor, etc. mills & boon,
300 ## - PHYSICAL DESCRIPTION
Pagination 157 p. :
Illustrations ill. ;
Size 16 cm.
942 ## - ADDED ENTRY ELEMENTS (KOHA)
Source of classification or shelving scheme Dewey Decimal Classification
Koha item type Books
Holdings
Lost status Source of classification or shelving scheme Damaged status Not for loan Collection code Permanent Location Current Location Shelving location Date acquired Source of acquisition Cost, normal purchase price Total Checkouts Full call number Date last seen Copy number Koha item type
  Dewey Decimal Classification   Not For Loan Non-fiction Central Library, University of Rajshahi Central Library, University of Rajshahi Reading Room 13/02/1957 Puthia ray estata 0.00   177 BED 1925 10/04/2014 C-1 Books